000 01102nam0a2200313 4500
001 RU\NLR\bibl\845655
005 20260406094007.0
010 _a5-9567-0056-4
_94000
021 _aRU
_b2005-54765
_92677
035 _a(NLR Aleph) 000834437
090 _a1381255
_c1381255
100 _a20050928d2005 |||y0rusy50 ca
101 0 _arus
102 _aRU
105 _aa |||||||||
200 1 _aАквариумные рыбки. Домашний аквариум
_f[С. Рублев]
210 _aРостов-на-Дону
_cВладис
_d2005
215 _a408 с., [8] л. цв. ил.
_cил.
_d20
300 _aАвт. указан на обл.
320 _aБиблиогр.: с. 396
517 0 _aДомашний аквариум
606 1 _aАквариумное рыбоводство
_9938445
_3RU\NLR\auth\6628130
686 _aП729.9с5
700 1 _4070
_8rus
_7ca
_aРублев
_bС. В.
_gСергей Владиславович
_3RU\NLR\auth\7767919
_950847
801 0 _aRU
_bNLR
_c20050928
_grcr
801 1 _aRU
_bNLR
_c20050928
942 _cBOOK
980 _aNB